Bienvenue au Catalogue en Ligne des Bibliothèques de l'Universite du Burundi

Normal view MARC view

Entry Personal Name

Number of records used in: 1

001 - CONTROL NUMBER

  • control field: 86066

003 - CONTROL NUMBER IDENTIFIER

  • control field: BI-BuBU

005 - DATE AND TIME OF LATEST TRANSACTION

  • control field: 20140227174444.0

008 - FIXED-LENGTH DATA ELEMENTS

  • fixed length control field: 140227|||a|||||| | ||| d

040 ## - CATALOGING SOURCE

  • Original cataloging agency: BI-BuBU
  • Transcribing agency: BI-BuBU

100 ## - HEADING--PERSONAL NAME

  • Personal name: Ntahomvukiye, Innocent
  • Dates associated with a name: Ndoricimpa, Arcade, 2012

670 ## - SOURCE DATA FOUND

  • Source citation: Work cat.: (BI-BuBU): aut Nahayo, Justin 86063, Analyse empirique de la soutenabilité du déficit budgétaire dans les pays de l'EAC[East African Community] de 1980 à 2009, 2012

670 ## - SOURCE DATA FOUND

  • Source citation: Work cat.: (BI-BuBU): aut Nahayo, Justin 86063, Analyse empirique de la soutenabilité du déficit budgétaire dans les pays de l'EAC[East African Community] de 1980 à 2009, 2012
© 2019-2026 - Bibliothèques de l'Université du Burundi |Tous droits réservés
home | Pour toute information urgente Contactez nous | tel whatsupp: +25779204313